000 00290pab a2200121 454500
008 180718b xxu||||| |||| 00| 0 eng d
100 _aChattopadhyay, P.
245 _aCurrency management: some issues
650 _a Currency
650 _aMoney
773 _aFinancial Express
909 _a22715
999 _c22715
_d22715